[Event "Leiden Noteboom op 83rd"]
[Site "Leiden"]
[Date "2024.02.16"]
[Round "1"]
[White "Groenewoud, Joel"]
[Black "De Winter, Arthur"]
[Result "1/2-1/2"]
[WhiteElo "2007"]
[BlackElo "2405"]
[PlyCount "132"]
[EventDate "2024.02.16"]
[EventType "swiss"]
[EventRounds "6"]
[EventCountry "NED"]
[SourceTitle "CB08_2024"]
[SourceDate "2024.02.21"]
[SourceVersion "1"]
[SourceVersionDate "2024.02.21"]
[SourceQuality "1"]

1. e4 c5 2. Nf3 d6 3. d4 cxd4 4. Nxd4 Nf6 5. Nc3 a6 6. f3 e5 7. Nb3 Be6 8. Be3 Be7 9. Qd2 h5 10. Nd5 Nxd5 11. exd5 Bf5 12. Be2 Bh4+ 13. g3 Be7 14. 0-0 Nd7 15. Na5 Qb8 16. b4 0-0 17. c4 Bh3 18. Rfd1 Bd8 19. Nb3 b6 20. c5 bxc5 21. bxc5 dxc5 22. Nxc5 Nxc5 23. Bxc5 Bb6 24. Qe3 Bxc5 25. Qxc5 Rc8 26. Qe3 Rc2 27. Rab1 Qd6 28. Kf2 Rxa2 29. Rb6 Qd8 30. d6 Bd7 31. Kf1 a5 32. Rb7 a4 33. Qxe5 Bh3+ 34. Kf2 Be6 35. Rd4 a3 36. d7 Rb2 37. Rxb2 axb2 38. Rb4 Qxd7 39. Rxb2 Re8 40. Bb5 Qa7+ 41. Qe3 Qxe3+ 42. Kxe3 Bd7+ 43. Kd3 Rb8 44. Kc4 Kf8 45. Rb4 Be6+ 46. Kc3 Ra8 47. Bd3 Ra3+ 48. Kd2 Ra2+ 49. Bc2 Ke7 50. Rb6 Bf5 51. Rc6 Kd7 52. Rc3 Kd6 53. Kd1 Ra1+ 54. Ke2 Be6 55. Be4 Rh1 56. h4 Rh2+ 57. Ke3 Ke7 58. Rc7+ Kf6 59. Kf4 Rb2 60. Rc6 Rb4 61. Ra6 g6 62. Rc6 Kg7 63. Ke3 Rb2 64. Kf4 Ra2 65. Ke3 Ra4 66. Rd6 Kf6 1/2-1/2